A pietizmus előzményei Brassóban Marcus Fronius munkássága /

Marcus Fronius (1659‒1713) volt az erdélyi szászok, a középkorban megtelepedett németajkú populáció gazdasági központjának, Brassónak az első papja (1703) és ezzel párhuzamosan a barcasági dékán (1706) haláláig. A jelen tanulmány karrierjének azokat a pontjait emeli ki, amelyek rávilágítanak Fronius...

Teljes leírás

Elmentve itt :
Bibliográfiai részletek
Szerző: Font Zsuzsa
Dokumentumtípus: Cikk
Megjelent: MTA-SZTE Antikvitás és reneszánsz: források és recepció Kutatócsoport Szeged 2022
Sorozat:Antikvitás és reneszánsz
Kulcsszavak:Marcus Fronius, Erdély története - 17-18. sz., Vallástörténet - Erdély - 17-18. sz.
Tárgyszavak:
doi:10.14232/antikren.2022.k.279-285

Online Access:http://acta.bibl.u-szeged.hu/77300
LEADER 02955nab a2200229 i 4500
001 acta77300
005 20221114125415.0
008 221114s2022 hu o 0|| hun d
022 |a 2560-2659 
024 7 |a 10.14232/antikren.2022.k.279-285  |2 doi 
040 |a SZTE Egyetemi Kiadványok Repozitórium  |b hun 
041 |a hun 
100 1 |a Font Zsuzsa 
245 1 2 |a A pietizmus előzményei Brassóban   |h [elektronikus dokumentum] :  |b Marcus Fronius munkássága /  |c  Font Zsuzsa 
260 |a MTA-SZTE Antikvitás és reneszánsz: források és recepció Kutatócsoport  |b Szeged  |c 2022 
300 |a 279-285 
490 0 |a Antikvitás és reneszánsz 
520 3 |a Marcus Fronius (1659‒1713) volt az erdélyi szászok, a középkorban megtelepedett németajkú populáció gazdasági központjának, Brassónak az első papja (1703) és ezzel párhuzamosan a barcasági dékán (1706) haláláig. A jelen tanulmány karrierjének azokat a pontjait emeli ki, amelyek rávilágítanak Froniusnak a 18. századi lutheránus vallási megújulási mozgalomhoz, a pietizmushoz való viszonyára. Jóllehet Fronius ragaszkodott a lutheránus dogmatika alaptanításaihoz, de sokat merített Comenius nagyszabású iskolareformjaiból és Philipp Jacob Spener egyházkormányzati újításaiból. Dogmatikai viták helyett számára a kegyesség, a vallásos életforma és a hívek lelki életének megújítása volt fontos. Számos pietistától eltérően elutasította az aszkézist, és helyén valónak tartotta a mulatságot, beleértve a táncot is. Feljegyzések is igazolják, hogy Fronius kapcsolatba lépett a pietizmus több fontos képviselőjével. Marcus Fronius (1659‒1713) was the first priest of Kronstadt (present-day Braşov, Romania), the economic centre of Transylvanian Saxons, the German-speaking population of which settled in the region in the Middle Ages, and at the same time the dean of the surrounding territory called Burzenland. The present paper focuses on those moments of his career that shed light on his relationship with the Lutheran religious renewal movement of the early eighteenth century, known as Pietism. While he abides by the main principles of Lutheran orthodoxy, he relies on Comenius for his large-scale school reforms and Philipp Jacob Spener for his ecclesiastical innovations. Instead of debates on dogmas, he considers piety, the renewal of the life and inner world of believers to be important. However, unlike many pietists, he rejects asceticism and considers joy and playfulness, including dancing, as appropriate. Historical records also reveal that he came into contact with prominent figures of Pietism. 
650 4 |a Bölcsészettudományok 
650 4 |a Történettudomány és régészet 
695 |a Marcus Fronius, Erdély története - 17-18. sz., Vallástörténet - Erdély - 17-18. sz. 
856 4 0 |u http://acta.bibl.u-szeged.hu/77300/1/antikvitas_es_reneszansz_kulonszam_279-285.pdf  |z Dokumentum-elérés